Projects Planning, Anal;ysis, Selective, Financing, Implementation and Review (Record no. 1874)

MARC details
000 -LEADER
fixed length control field 00420nam a22001457a 4500
008 - FIXED-LENGTH DATA ELEMENTS--GENERAL INFORMATION
fixed length control field 250106b |||||||| |||| 00| 0 eng d
020 ## - INTERNATIONAL STANDARD BOOK NUMBER
ISBN 9780070077935
100 ## - MAIN ENTRY--AUTHOR
Author CHANDRA, Prasanna
245 ## - TITLE STATEMENT
Title Projects Planning, Anal;ysis, Selective, Financing, Implementation and Review
250 ## - EDITION STATEMENT
Edition statement 7th
260 ## - PUBLICATION, DISTRIBUTION, ETC. (IMPRINT)
Place of publication New Delhi
Name of publisher Tata MacGrow Hill Education
Date of publication 2009
300 ## - COLLATION
Pagination xxi, 23.22p.
942 ## - ADDED ENTRY ELEMENTS (KOHA)
Item type Books
050 ## - LIBRARY OF CONGRESS CALL NUMBER
Classification number HD69
Item number .C43
Holdings
Source of classification or shelving scheme Not for loan Permanent location Current location Date acquired Accession No. Full call number Barcode. Koha item type
Library of Congress Classification   Samuel Ogbemudia Main Library, University of Abuja Samuel Ogbemudia Main Library, University of Abuja 01/06/2025 2012/43442 HD69.C43 2025-0006 Books